[Event "McGill op"]
[Site "Montreal CAN"]
[Date "2016.04.30"]
[Round "2.8"]
[White "Gueorguiev, Valentin"]
[Black "Yu, Zong Yang"]
[Result "0-1"]
[WhiteElo "1933"]
[BlackElo "2342"]
[PlyCount "144"]
[EventDate "2016.04.28"]
[EventType "swiss"]
[EventRounds "5"]
[EventCountry "CAN"]

1. d4 Nf6 2. g3 d5 3. Bg2 Bf5 4. Nf3 e6 5. O-O Bd6 6. b3 O-O 7. Bb2 Nbd7 8.
Nbd2 Qe7 9. Nh4 Bg4 10. Qe1 c6 11. f4 Bf5 12. Rc1 Ba3 13. Bxa3 Qxa3 14. Nxf5
exf5 15. Bh3 g6 16. Nf3 Qxa2 17. Ne5 Qa3 18. Bg2 Qe7 19. h3 Ne4 20. Bxe4 fxe4
21. e3 Nb6 22. f5 f6 23. Ng4 g5 24. Qe2 Qg7 25. c4 dxc4 26. bxc4 Qc7 27. Kg2 c5
28. Qa2 Kg7 29. d5 Nc8 30. Rf2 Nd6 31. Rb1 h5 32. Nh2 Rh8 33. Qb3 b6 34. Qc3
Qe7 35. Rbf1 Rhe8 36. g4 h4 37. Rc2 Qe5 38. Qxe5 Rxe5 39. Rb1 Re7 40. Nf1 Kf8
41. Nd2 Ke8 42. Ra2 Kd8 43. Rxb6 axb6 44. Rxa8+ Nc8 45. Kf2 Kc7 46. Ra2 Kb7 47.
Rb2 Nd6 48. Rc2 Re8 49. Ra2 Ra8 50. Rxa8 Kxa8 51. Ke2 Kb7 52. Kd1 b5 53. cxb5
Kb6 54. Kc2 Kxb5 55. Kc3 c4 56. Kd4 Kb4 57. Nb1 Nb5+ 58. Kxe4 Kc5 59. Nd2 Nd6+
60. Kf3 Kxd5 61. Nb1 Kc5 62. Na3 Kb4 63. Nc2+ Kc3 64. Nd4 Kd3 65. Ne2 c3 66.
Nc1+ Kc2 67. Ne2 Kd2 68. Nd4 c2 69. e4 Kd1 70. Nb3 Nc4 71. e5 Nd2+ 72. Nxd2
Kxd2 0-1

[Event "McGill op"]
[Site "Montreal CAN"]
[Date "2016.04.30"]
[Round "2.10"]
[White "Yao, Houji"]
[Black "Chabot, Roland"]
[Result "1/2-1/2"]
[WhiteElo "1925"]
[BlackElo "2144"]
[PlyCount "41"]
[EventDate "2016.04.28"]
[EventType "swiss"]
[EventRounds "5"]
[EventCountry "CAN"]

1. e4 c5 2. Nf3 e6 3. d4 cxd4 4. Nxd4 a6 5. Bd3 g6 6. O-O Bg7 7. Be3 Ne7 8. c4
Nbc6 9. Nxc6 bxc6 10. Qd2 Rb8 11. Nc3 O-O 12. c5 f5 13. Rab1 Qc7 14. Ne2 fxe4
15. Bxe4 Nf5 16. Bf4 Be5 17. b4 Nh4 18. Bg3 Nf5 19. Bf4 Nh4 20. Bg3 Nf5 21. Bf4
1/2-1/2

[Event "McGill op"]
[Site "Montreal CAN"]
[Date "2016.04.30"]
[Round "2.11"]
[White "Huang, Qiuyu"]
[Black "Allard, Laurent"]
[Result "0-1"]
[WhiteElo "1894"]
[BlackElo "2012"]
[PlyCount "44"]
[EventDate "2016.04.28"]
[EventType "swiss"]
[EventRounds "5"]
[EventCountry "CAN"]

1. e4 c5 2. Nf3 d6 3. d4 cxd4 4. Nxd4 Nf6 5. Nc3 g6 6. Be3 Bg7 7. f3 O-O 8. Qd2
Nc6 9. Bc4 Bd7 10. O-O-O Rb8 11. Nxc6 Bxc6 12. h4 b5 13. Bb3 a5 14. h5 a4 15.
Bd5 b4 16. hxg6 bxc3 17. Bxf7+ Rxf7 18. gxf7+ Kh8 19. bxc3 a3 20. e5 Rb1+ 21.
Kxb1 Qb8+ 22. Ka1 Qb2# 0-1

[Event "McGill op"]
[Site "Montreal CAN"]
[Date "2016.04.30"]
[Round "2.12"]
[White "Ouellet, Maili-Jade"]
[Black "Wilkin, Alain"]
[Result "0-1"]
[WhiteElo "2016"]
[BlackElo "1889"]
[PlyCount "60"]
[EventDate "2016.04.28"]
[EventType "swiss"]
[EventRounds "5"]
[EventCountry "CAN"]

1. d4 c6 2. c4 d6 3. e4 Qc7 4. Nc3 e5 5. d5 Nf6 6. f3 Be7 7. Be3 Nbd7 8. Bd3
O-O 9. Qd2 a5 10. Rc1 Ne8 11. h4 Qd8 12. Bf2 Nc5 13. g4 Nxd3+ 14. Qxd3 c5 15.
Nge2 a4 16. Rb1 Bd7 17. b4 axb3 18. Rxb3 b6 19. h5 h6 20. O-O Bg5 21. Rfb1 Ra6
22. R1b2 g6 23. hxg6 fxg6 24. Kg2 Qf6 25. Bg3 Bxg4 26. fxg4 Qf1+ 27. Kh2 Nf6
28. Be1 Nxg4+ 29. Kg3 Qxe1+ 30. Kxg4 Qh4# 0-1

[Event "McGill op"]
[Site "Montreal CAN"]
[Date "2016.04.30"]
[Round "2.13"]
[White "Trahan, Daniel"]
[Black "Marin, Sam"]
[Result "0-1"]
[WhiteElo "2012"]
[BlackElo "1885"]
[PlyCount "82"]
[EventDate "2016.04.28"]
[EventType "swiss"]
[EventRounds "5"]
[EventCountry "CAN"]

1. d4 Nf6 2. c4 e6 3. Nc3 Bb4 4. Qc2 d5 5. a3 Bxc3+ 6. Qxc3 O-O 7. Bg5 Nbd7 8.
e3 c6 9. Bd3 Ne4 10. Bxd8 Nxc3 11. Bh4 Ne4 12. f3 Nef6 13. Ne2 dxc4 14. Bxc4
Nd5 15. Bf2 b6 16. O-O Bb7 17. e4 N5f6 18. Rfd1 Rfd8 19. Rd2 Nf8 20. Rad1 Rd7
21. Be3 h6 22. g4 Rad8 23. b4 c5 24. Bb5 cxd4 25. Bxd4 Rc7 26. h4 Ng6 27. Bf2
Rxd2 28. Rxd2 Rc8 29. Bg3 a6 30. Ba4 b5 31. Bb3 Nf8 32. Kf2 Bxe4 33. g5 Bd5 34.
gxf6 Bxb3 35. fxg7 Kxg7 36. Nd4 Bd5 37. Nf5+ exf5 38. Rxd5 Rc2+ 39. Ke3 Rc3+
40. Kf4 Ng6+ 41. Kxf5 Ne7+ 0-1

[Event "McGill op"]
[Site "Montreal CAN"]
[Date "2016.04.30"]
[Round "2.14"]
[White "Fan, Run Kun"]
[Black "Jacquet, Stephane"]
[Result "1-0"]
[WhiteElo "1864"]
[BlackElo "1999"]
[PlyCount "121"]
[EventDate "2016.04.28"]
[EventType "swiss"]
[EventRounds "5"]
[EventCountry "CAN"]

1. c4 e6 2. Nf3 Nf6 3. g3 d5 4. b3 Be7 5. Bb2 O-O 6. Bg2 Nbd7 7. O-O c5 8. e3
b6 9. Nc3 Ba6 10. Nb5 Bxb5 11. cxb5 Rc8 12. Rc1 Ne4 13. d3 Nd6 14. a4 Bf6 15.
Ba3 Re8 16. Qe2 Nb7 17. Nd2 Na5 18. Kh1 Rc7 19. Rc2 Qb8 20. f4 Rec8 21. g4 Be7
22. Bb2 c4 23. dxc4 Bb4 24. Bc3 Bxc3 25. Rxc3 dxc4 26. b4 Nb7 27. Rfc1 Nf6 28.
Rxc4 Nd5 29. Rxc7 Rxc7 30. Rxc7 Qxc7 31. Bxd5 exd5 32. Qd3 Qd6 33. Qd4 h6 34.
h3 Qe6 35. Nb1 h5 36. f5 Qd6 37. Qf4 hxg4 38. hxg4 Qd8 39. Nc3 Nd6 40. Qd4 Qh4+
41. Kg2 Ne4 42. Nxe4 dxe4 43. Qxe4 Qe1 44. Qd4 Qe2+ 45. Kg3 Qe1+ 46. Kf4 Qf2+
47. Ke5 Qg3+ 48. Kd5 Qg2+ 49. Kd6 Qh2+ 50. Kc6 Qc2+ 51. Kb7 Qxa4 52. Qc4 Qa3
53. e4 Kf8 54. e5 Qa1 55. Qc8+ Ke7 56. Qc7+ Ke8 57. Kc8 Qd4 58. e6 fxe6 59.
fxe6 Qf6 60. Qd7+ Kf8 61. Qd8+ 1-0

[Event "McGill op"]
[Site "Montreal CAN"]
[Date "2016.04.30"]
[Round "2.15"]
[White "Pitre, Francois"]
[Black "Struben, Jeroen"]
[Result "0-1"]
[WhiteElo "1988"]
[BlackElo "1856"]
[PlyCount "62"]
[EventDate "2016.04.28"]
[EventType "swiss"]
[EventRounds "5"]
[EventCountry "CAN"]

1. e4 d6 2. d4 Nf6 3. Nc3 g6 4. Be2 Bg7 5. Be3 c6 6. a4 Nbd7 7. h4 Qa5 8. f3
O-O 9. Nh3 e5 10. dxe5 dxe5 11. Qd6 Ne8 12. Qa3 Nef6 13. b4 Qc7 14. a5 Nh5 15.
Bc4 b5 16. Ba2 Nf4 17. Kf2 Nf6 18. Ng1 Be6 19. g3 Bxa2 20. Qxa2 Ne6 21. Nge2
Nd4 22. Nd1 Nh5 23. c3 Ne6 24. Nb2 Kh8 25. Nd3 f5 26. exf5 e4 27. fxe4 Rae8 28.
Nef4 Nexf4 29. Nxf4 Rxe4 30. fxg6 Bxc3 31. Rac1 Nxf4 0-1

[Event "McGill op"]
[Site "Montreal CAN"]
[Date "2016.04.30"]
[Round "2.16"]
[White "Gauthier, Denis"]
[Black "Turcotte, Jonathan"]
[Result "1/2-1/2"]
[WhiteElo "1849"]
[BlackElo "1976"]
[PlyCount "106"]
[EventDate "2016.04.28"]
[EventType "swiss"]
[EventRounds "5"]
[EventCountry "CAN"]

1. d4 d5 2. c4 c6 3. Nf3 Nf6 4. e3 Bf5 5. Nc3 e6 6. Nh4 Be4 7. f3 Bg6 8. Qb3
Qc7 9. Bd2 Nbd7 10. O-O-O Be7 11. Be1 dxc4 12. Bxc4 Nd5 13. Ne4 Qb6 14. Nxg6
hxg6 15. Bf2 a5 16. Nc3 Qc7 17. Bg3 Bd6 18. Bxd6 Qxd6 19. Ne4 Qc7 20. Qa3 Nb4
21. f4 Nb6 22. Qc3 N6d5 23. Qd2 b5 24. Bxd5 cxd5+ 25. Nc5 Nxa2+ 26. Kb1 Nb4 27.
Rc1 Qb6 28. h4 Ke7 29. g4 Nc6 30. f5 gxf5 31. gxf5 a4 32. Qg2 Rhg8 33. fxe6
fxe6 34. Qg6 Nd8 35. h5 Nf7 36. Rhf1 Raf8 37. Nxe6 Nh8 38. Qg5+ Kxe6 39. Qe5+
Kd7 40. Qxd5+ Qd6 41. Qb7+ Ke6 42. Rxf8 Qxf8 43. Qe4+ Kd7 44. Qb7+ Ke6 45. Rc6+
Kf5 46. Qxb5+ Kg4 47. Rc1 Qf5+ 48. Qxf5+ Kxf5 49. Rc4 Ra8 50. Rc7 Kf6 51. Rc6+
Kf7 52. Rc7+ Kf6 53. Rc6+ Kf7 1/2-1/2

[Event "McGill op"]
[Site "Montreal CAN"]
[Date "2016.05.07"]
[Round "2.17"]
[White "Durette, Francis"]
[Black "Saha, Ananda"]
[Result "1-0"]
[WhiteElo "1929"]
[BlackElo "1845"]
[PlyCount "115"]
[EventDate "2016.04.28"]
[EventType "swiss"]
[EventRounds "5"]
[EventCountry "CAN"]

1. e4 c5 2. Nf3 e6 3. d4 cxd4 4. Nxd4 a6 5. c4 Qc7 6. Nc3 Nf6 7. Be3 d6 8. Be2
Be7 9. O-O Nbd7 10. Rc1 b6 11. b3 Bb7 12. f3 O-O 13. Qd2 Rac8 14. Rfd1 h5 15.
Bf2 Qb8 16. Bg3 Bd8 17. Nc2 Ne5 18. Qxd6 Bc7 19. Qd2 h4 20. Bxh4 Ng6 21. Bg3
Bxg3 22. hxg3 Qxg3 23. Qe1 Qg5 24. Qf2 Nf4 25. Kf1 Qh6 26. Qxb6 N6h5 27. Qf2
Rc5 28. Qxc5 Ng3+ 29. Kf2 Qh4 30. Ke3 Nxg2+ 31. Kd2 Rd8+ 32. Nd4 Bxe4 33. fxe4
Nxe4+ 34. Nxe4 Qxe4 35. Bd3 Qe3+ 36. Kc3 Nf4 37. Kc2 g6 38. Nxe6 Qxe6 39. Qg5
Rd4 40. Re1 Qd7 41. Re7 Qh3 42. Re8+ Kh7 43. Rh8+ Kxh8 44. Qe5+ Kg8 45. Qxd4
Qg2+ 46. Kc3 Qf3 47. Re1 Ne6 48. Qe4 Qf6+ 49. Qe5 Qf3 50. Re3 Qh1 51. Bxg6 Qa1+
52. Kb4 a5+ 53. Kxa5 Qxa2+ 54. Kb6 Qf2 55. Bxf7+ Kxf7 56. Qxe6+ Kg7 57. Qg4+
Kh7 58. Qh3+ 1-0

[Event "McGill op"]
[Site "Montreal CAN"]
[Date "2016.04.30"]
[Round "3.3"]
[White "Leveille, Francois"]
[Black "Robichaud, Louis"]
[Result "0-1"]
[WhiteElo "2287"]
[BlackElo "2024"]
[PlyCount "164"]
[EventDate "2016.04.28"]
[EventType "swiss"]
[EventRounds "5"]
[EventCountry "CAN"]

1. e4 e5 2. Nf3 Nc6 3. d4 exd4 4. Nxd4 Bc5 5. Nxc6 Qf6 6. Qf3 Qxf3 7. gxf3 bxc6
8. Nd2 Ne7 9. Nb3 Bb6 10. a4 a5 11. Rg1 O-O 12. Be3 Bxe3 13. fxe3 d6 14. Rg5 f5
15. Bc4+ Kh8 16. Ke2 fxe4 17. fxe4 c5 18. Rag1 g6 19. h4 Bd7 20. Ra1 Bc6 21.
Nd2 Bb7 22. Rag1 Rae8 23. b3 Nc6 24. Bb5 Re7 25. Nc4 Nd8 26. Nxa5 Bxe4 27. Bd3
Bxd3+ 28. Kxd3 c6 29. Nc4 Nf7 30. R5g3 d5 31. Nd2 Ne5+ 32. Ke2 d4 33. Kd1 d3
34. e4 Rd7 35. R1g2 Rf4 36. h5 Rh4 37. hxg6 hxg6 38. Nf3 Rh1+ 39. Kd2 dxc2+ 40.
Kxc2 Nd3 41. Rh2+ Rxh2+ 42. Nxh2 Nb4+ 43. Kc3 Rd1 44. Ng4 Kh7 45. Ne5 Re1 46.
Nd7 Na6 47. Nf8+ Kg7 48. Nxg6 Rxe4 49. Ne5+ Kf6 50. Nxc6 Ke6 51. Rd3 Rh4 52.
Na5 Nb4 53. Rd2 Nd5+ 54. Kb2 Kd6 55. Rg2 Nb4 56. Rg6+ Kd5 57. Nc4 Rh2+ 58. Kc1
Kd4 59. Nd2 Kc3 60. Ne4+ Kd4 61. Rg4 Nd3+ 62. Kb1 Ne5 63. Rf4 Ke3 64. Rf2 Rh1+
65. Kc2 Kxe4 66. Rd2 Nc6 67. Rd6 Nb4+ 68. Kc3 Rc1+ 69. Kb2 Rc2+ 70. Kb1 Rc3 71.
Kb2 Rc2+ 72. Kb1 Rc3 73. Kb2 Rd3 74. Rh6 Rd2+ 75. Kc1 Rg2 76. Rd6 Nd5 77. Rh6
Kd4 78. Rh4+ Kc3 79. Rh3+ Kb4 80. Kd1 Nc3+ 81. Ke1 Kxb3 82. a5 Ra2 0-1

[Event "McGill op"]
[Site "Montreal CAN"]
[Date "2016.04.30"]
[Round "3.7"]
[White "Struben, Jeroen"]
[Black "Masse, Hugues"]
[Result "0-1"]
[WhiteElo "1856"]
[BlackElo "2212"]
[PlyCount "190"]
[EventDate "2016.04.28"]
[EventType "swiss"]
[EventRounds "5"]
[EventCountry "CAN"]

1. d4 Nf6 2. c4 g6 3. g3 Bg7 4. Bg2 O-O 5. Nf3 d6 6. Nc3 Nc6 7. d5 Na5 8. Nd2
c5 9. O-O Bg4 10. h3 Bd7 11. e4 a6 12. a4 Ne8 13. Re1 Nc7 14. Kh2 b5 15. axb5
axb5 16. e5 Nxc4 17. Rxa8 Qxa8 18. Nxc4 bxc4 19. exd6 exd6 20. Bf4 Ne8 21. g4
Qb8 22. Qd2 Nf6 23. Re7 Re8 24. Qe2 Bf8 25. Rxe8 Bxe8 26. Qxc4 Qxb2 27. Bg3 Qb4
28. Qd3 h6 29. Qf3 Kg7 30. Bf1 Qd4 31. Bg2 Bd7 32. Ne2 Qd1 33. Nc3 Qxf3 34.
Bxf3 Be7 35. Be2 Ne8 36. Nb5 Bxb5 37. Bxb5 Nf6 38. Bc4 Ne4 39. Kg2 Kf6 40. f4
Bd8 41. Be1 Ke7 42. Kf3 f5 43. gxf5 gxf5 44. Bd3 Nf6 45. Bh4 Kf7 46. Bxf5 Ba5
47. Bxf6 Kxf6 48. Bd3 Bc3 49. Kg4 Bd2 50. Kf3 Ke7 51. Kg4 Kd7 52. Kf5 Kc7 53.
Ke4 Kb6 54. Be2 Ka5 55. f5 Bg5 56. Kd3 Kb4 57. Kc2 c4 58. Bh5 Bf6 59. Bf7 Kc5
60. Kd2 Kd4 61. Kc2 Ke4 62. Kd2 Kf3 63. Bh5+ Kg3 64. Bg4 Kf4 65. Bh5 Ke4 66.
Bf7 Kd4 67. Kc2 Ke3 68. Be8 c3 69. Bb5 Kd4 70. Bc6 Ke4 71. Bb7 Kf3 72. Ba6 Kg2
73. h4 Bxh4 74. Kxc3 h5 75. Be2 Bf6+ 76. Kd3 h4 77. Ke4 Bg5 78. Kd4 h3 79. Bd3
Bf6+ 80. Ke3 Bg5+ 81. Kd4 h2 82. Be4+ Kf2 83. Kd3 Bf6 84. Bh1 Be5 85. Be4 Kg1
86. Ke2 h1=Q 87. Bxh1 Kxh1 88. Kf3 Kg1 89. Kg4 Kf2 90. Kg5 Ke3 91. f6 Ke4 92.
f7 Bg7 93. Kg6 Bf8 94. Kh7 Kxd5 95. Kg8 Be7 0-1

[Event "McGill op"]
[Site "Montreal CAN"]
[Date "2016.04.30"]
[Round "3.8"]
[White "MacKinnon, Keith"]
[Black "Durette, Francis"]
[Result "1-0"]
[WhiteElo "2194"]
[BlackElo "1929"]
[PlyCount "115"]
[EventDate "2016.04.28"]
[EventType "swiss"]
[EventRounds "5"]
[EventCountry "CAN"]

1. e4 e5 2. Nf3 Nc6 3. Bb5 a6 4. Ba4 b5 5. Bb3 Be7 6. d4 exd4 7. Nxd4 Nf6 8.
Nf5 O-O 9. O-O d6 10. Nc3 Na5 11. Bg5 Nxb3 12. axb3 Bxf5 13. exf5 Nd7 14. Bxe7
Qxe7 15. Nd5 Qd8 16. Re1 Nf6 17. Ne7+ Kh8 18. Qf3 Qd7 19. Nc6 d5 20. Ne5 Qd6
21. g4 Ne4 22. Nd3 Ng5 23. Qe3 h6 24. Ne5 Rae8 25. f4 Ne4 26. Qa7 Qb4 27. Re2
Ra8 28. Qe3 Qd6 29. Rd1 Rad8 30. Qa7 Nc5 31. b4 Na4 32. Qd4 Nb6 33. g5 Nc4 34.
f6 g6 35. Rd3 h5 36. f5 Nxe5 37. Rxe5 c6 38. fxg6 fxg6 39. Rde3 Rd7 40. Re8 Kg8
41. R8e6 Qc7 42. Qd3 Kh7 43. Re7+ Rf7 44. Qe2 Qf4 45. Rxd7 Qxg5+ 46. Kh1 Rxd7
47. Re7+ Kg8 48. f7+ Kg7 49. Rxd7 Qc1+ 50. Kg2 Qg5+ 51. Kf1 Qc1+ 52. Qe1 Qf4+
53. Qf2 Qc4+ 54. Ke1 Qxb4+ 55. Kd1 Qf8 56. Qd4+ Kh7 57. Qf6 a5 58. Rd8 1-0

[Event "McGill op"]
[Site "Montreal CAN"]
[Date "2016.04.30"]
[Round "3.9"]
[White "Chabot, Roland"]
[Black "Fan, Run Kun"]
[Result "1-0"]
[WhiteElo "2144"]
[BlackElo "1864"]
[PlyCount "45"]
[EventDate "2016.04.28"]
[EventType "swiss"]
[EventRounds "5"]
[EventCountry "CAN"]

1. d4 d5 2. c4 c6 3. Nc3 Nf6 4. Nf3 e6 5. Bg5 dxc4 6. e4 b5 7. e5 h6 8. Bh4 g5
9. Bg3 Nd5 10. Nd2 Nd7 11. h4 Bb4 12. Nde4 Qa5 13. Qd2 g4 14. Be2 h5 15. O-O
Nxc3 16. bxc3 Ba3 17. f3 gxf3 18. Bxf3 Bb7 19. Qg5 Be7 20. Nd6+ Bxd6 21. exd6
Qd8 22. Bxh5 Rf8 23. Bxf7+ 1-0

[Event "McGill op"]
[Site "Montreal CAN"]
[Date "2016.04.30"]
[Round "3.10"]
[White "Li, Yi Lin"]
[Black "Soudre, Nicolas"]
[Result "1/2-1/2"]
[WhiteElo "1844"]
[BlackElo "2101"]
[PlyCount "159"]
[EventDate "2016.04.28"]
[EventType "swiss"]
[EventRounds "5"]
[EventCountry "CAN"]

1. c4 e5 2. Nc3 Nf6 3. g3 d5 4. cxd5 Nxd5 5. Bg2 Nb6 6. d3 Nc6 7. Nf3 Be7 8.
O-O O-O 9. Be3 Be6 10. Na4 Nd5 11. Bc5 Re8 12. Bxe7 Qxe7 13. Qc1 Rad8 14. Nc5
Bc8 15. Nb3 Nb6 16. Nfd2 Nd4 17. Nxd4 exd4 18. Bf3 c6 19. Re1 Be6 20. Nc4 Nd5
21. Qd2 Qf6 22. Rac1 b6 23. Na3 c5 24. Nb5 Rd7 25. Be4 a6 26. Na3 Nb4 27. b3
Bd5 28. Bxd5 Nxd5 29. Nc4 Rde7 30. e4 dxe3 31. Nxe3 Nc7 32. Re2 Rd8 33. Rce1
Ne6 34. Nc4 h6 35. Qe3 Red7 36. Ne5 Rd6 37. f4 Qe7 38. Qe4 Nd4 39. Rf2 Qe6 40.
Nc4 Rc6 41. Ne5 Rc7 42. Nf3 Nxf3+ 43. Rxf3 Re7 44. f5 Qxe4 45. dxe4 f6 46. Rfe3
Kf7 47. Kf2 Rd4 48. Kf3 Re5 49. h4 Ke7 50. Kf4 Kd6 51. g4 b5 52. g5 hxg5+ 53.
hxg5 Re8 54. gxf6 gxf6 55. Rh1 c4 56. Rh6 Rf8 57. Rc3 Kc5 58. Ke3 Re8 59. b4+
Kxb4 60. Kxd4 Rd8+ 61. Ke3 Kxc3 62. Rxf6 Rc8 63. Rh6 b4 64. f6 b3 65. axb3 cxb3
66. f7 Rf8 67. Rc6+ Kb2 68. Rf6 Kc2 69. e5 b2 70. Rc6+ Kd1 71. Rd6+ Kc1 72. Rf6
Kc2 73. Rf2+ Kc3 74. Rxb2 Rxf7 75. Ra2 Ra7 76. Ke4 a5 77. e6 a4 78. Ke5 a3 79.
Kd6 Kb3 80. e7 1/2-1/2

[Event "McGill op"]
[Site "Montreal CAN"]
[Date "2016.04.30"]
[Round "3.11"]
[White "Libersan, Thierry"]
[Black "Yao, Houji"]
[Result "1/2-1/2"]
[WhiteElo "2052"]
[BlackElo "1925"]
[PlyCount "106"]
[EventDate "2016.04.28"]
[EventType "swiss"]
[EventRounds "5"]
[EventCountry "CAN"]

1. d4 Nf6 2. Nf3 g6 3. g3 Bg7 4. Bg2 O-O 5. O-O c5 6. d5 b5 7. a4 Bb7 8. c4
bxc4 9. Nc3 d6 10. Nd2 Nbd7 11. a5 Ba6 12. h3 Rb8 13. f4 Rb4 14. Kh2 e6 15.
dxe6 fxe6 16. e4 Ne8 17. h4 Nc7 18. Bh3 Qe7 19. Nf3 Nb8 20. Rf2 Rb3 21. h5 gxh5
22. Nh4 Nc6 23. Qxh5 Nd4 24. Be3 Rfb8 25. Ra2 Ncb5 26. f5 Rf8 27. fxe6 Rxf2+
28. Bxf2 Rxc3 29. bxc3 Nxe6 30. Be1 Bb7 31. Bf5 Nf8 32. Qe2 Qf7 33. Qf3 d5 34.
Qg4 Kh8 35. Rf2 Qe8 36. Re2 d4 37. Nf3 Nd6 38. Ng5 Bc6 39. Qf4 Nxf5 40. Qxf5 h6
41. Nf7+ Kg8 42. Nd6 Qe5 43. Qxe5 Bxe5 44. Nxc4 Bb5 45. Nxe5 Bxe2 46. cxd4 cxd4
47. Nc6 Bf3 48. Nxa7 Bxe4 49. Nb5 Ne6 50. g4 Kg7 51. Nxd4 Nxd4 52. Bc3 Kg6 53.
Bxd4 h5 1/2-1/2

[Event "McGill op"]
[Site "Montreal CAN"]
[Date "2016.04.30"]
[Round "3.13"]
[White "Marin, Sam"]
[Black "Turcotte, Jonathan"]
[Result "0-1"]
[WhiteElo "1885"]
[BlackElo "1976"]
[PlyCount "178"]
[EventDate "2016.04.28"]
[EventType "swiss"]
[EventRounds "5"]
[EventCountry "CAN"]

1. e4 c6 2. d4 d5 3. e5 Bf5 4. g4 Bd7 5. Nc3 e6 6. Be3 Qc7 7. Nf3 c5 8. dxc5
Bxc5 9. Qd2 Bxe3 10. Qxe3 Ne7 11. Bd3 a6 12. O-O-O Nbc6 13. h4 Nb4 14. Qg5 Kf8
15. h5 h6 16. Qf4 Nxd3+ 17. Rxd3 Bb5 18. Nd4 Qd7 19. Rf3 Nc6 20. Ncxb5 axb5 21.
Nxb5 Rxa2 22. Kb1 Ra6 23. Nd6 Nxe5 24. Rc3 Kg8 25. Qxe5 Qxd6 26. Qe3 e5 27. Rb3
d4 28. Qe4 Qc6 29. Re1 Qxe4 30. Rxe4 f6 31. Rxb7 Kh7 32. b4 Rha8 33. f4 Ra1+
34. Kb2 R8a2+ 35. Kb3 Ra3+ 36. Kc4 Re3 37. Kd5 Rxe4 38. Kxe4 Re1+ 39. Kf3 Re3+
40. Kf2 Rc3 41. fxe5 fxe5 42. Re7 Rxc2+ 43. Kf3 Rc3+ 44. Kf2 Rb3 45. Rxe5 Rxb4
46. Rd5 Kg8 47. Rd7 d3 48. Kf3 Rb3 49. Ke3 d2+ 50. Kxd2 Rb4 51. Rd8+ Kh7 52.
Rd3 Rxg4 53. Rh3 Kg8 54. Ke3 Kf7 55. Kf3 Ra4 56. Rh1 Kf6 57. Rg1 Rh4 58. Rg6+
Kf7 59. Ra6 Rxh5 60. Kg4 Re5 61. Ra7+ Kf6 62. Ra6+ Re6 63. Ra8 Rb6 64. Rf8+ Kg6
65. Ra8 Rb4+ 66. Kg3 Kh5 67. Ra5+ g5 68. Ra3 Rb6 69. Rd3 Kg6 70. Rc3 h5 71. Rd3
h4+ 72. Kg4 Rb4+ 73. Kh3 Kh5 74. Rd8 Rb3+ 75. Kh2 Rb4 76. Kg2 Kg4 77. Rd2 Rb5
78. Rd4+ Kh5 79. Rd2 g4 80. Kf2 h3 81. Rd8 Kh4 82. Rh8+ Rh5 83. Rg8 Rh6 84. Rg7
Ra6 85. Rh7+ Kg5 86. Rg7+ Kf5 87. Kg3 Ra3+ 88. Kh2 Ra2+ 89. Kg3 Rg2+ 0-1

[Event "McGill op"]
[Site "Montreal CAN"]
[Date "2016.04.30"]
[Round "3.14"]
[White "Pomerantz, Daniel"]
[Black "Gauthier, Denis"]
[Result "1/2-1/2"]
[WhiteElo "1933"]
[BlackElo "1849"]
[PlyCount "125"]
[EventDate "2016.04.28"]
[EventType "swiss"]
[EventRounds "5"]
[EventCountry "CAN"]

1. e4 c5 2. Nf3 e6 3. d4 cxd4 4. Nxd4 Nc6 5. Nc3 Qc7 6. Be3 Nf6 7. Be2 a6 8.
O-O Bb4 9. Na4 Be7 10. c4 Nxe4 11. Bf3 Nf6 12. c5 Ne5 13. Be2 Nd5 14. Bd2 O-O
15. Rc1 d6 16. f4 Nc6 17. cxd6 Qxd6 18. Nxc6 bxc6 19. Qc2 Nb4 20. Bxb4 Qxb4 21.
Qxc6 Qd4+ 22. Kh1 Bd7 23. Rc4 Qd2 24. Qe4 Bb5 25. Rc2 Qa5 26. Nc3 Bxe2 27. Rxe2
Bf6 28. f5 Bxc3 29. bxc3 exf5 30. Qxf5 Qxc3 31. Re7 Qc4 32. a3 a5 33. Re4 Qd3
34. Rf3 Rab8 35. h3 Rb1+ 36. Kh2 Qd6+ 37. Qe5 Qb6 38. Qe7 h6 39. Rfe3 Qb8+ 40.
Qe5 Qxe5+ 41. Rxe5 Ra8 42. Rf3 Ra7 43. Rff5 a4 44. Ra5 Rbb7 45. Rfb5 g6 46. h4
Kg7 47. g3 Kf6 48. Rb6+ Kg7 49. Rbb5 Rc7 50. Rxa7 Rxa7 51. Kh3 h5 52. Rb4 Kf6
53. g4 hxg4+ 54. Kxg4 Ra5 55. Re4 Ra6 56. Rb4 Ke6 57. h5 gxh5+ 58. Kxh5 Ke5 59.
Kg4 f5+ 60. Kf3 Ra5 61. Rc4 Kd5 62. Rf4 Ke5 63. Rc4 1/2-1/2

[Event "McGill op"]
[Site "Montreal CAN"]
[Date "2016.04.30"]
[Round "3.15"]
[White "Bouchard, Jean-Marc"]
[Black "Huang, Qiuyu"]
[Result "0-1"]
[WhiteElo "1885"]
[BlackElo "1894"]
[PlyCount "46"]
[EventDate "2016.04.28"]
[EventType "swiss"]
[EventRounds "5"]
[EventCountry "CAN"]

1. e4 c5 2. f4 Nc6 3. Nf3 g6 4. d4 cxd4 5. Nxd4 Bg7 6. Nxc6 bxc6 7. c4 d6 8.
Qc2 Nf6 9. Nc3 O-O 10. Be2 Nd7 11. Be3 Rb8 12. Bxa7 Rxb2 13. Qxb2 Qa5 14. Rc1
Qxa7 15. Qd2 Nc5 16. Bf3 f5 17. g3 Bxc3 18. Rxc3 fxe4 19. Be2 Bh3 20. Bf1 Bf5
21. h3 Rb8 22. Rc1 e3 23. Qc3 Ne4 0-1

[Event "McGill op"]
[Site "Montreal CAN"]
[Date "2016.04.30"]
[Round "3.16"]
[White "Jacquet, Stephane"]
[Black "Ouellet, Maili-Jade"]
[Result "1/2-1/2"]
[WhiteElo "1999"]
[BlackElo "2016"]
[PlyCount "145"]
[EventDate "2016.04.28"]
[EventType "swiss"]
[EventRounds "5"]
[EventCountry "CAN"]

1. d4 d5 2. c4 e6 3. Nc3 Nf6 4. cxd5 exd5 5. Bg5 Be7 6. Qc2 O-O 7. e3 b6 8. Nf3
Bb7 9. Bd3 h6 10. Bh4 c5 11. O-O Nc6 12. a3 c4 13. Bf5 a6 14. Rad1 b5 15. Ne5
Na5 16. f3 Nb3 17. Kh1 Re8 18. g4 Qb6 19. Rg1 g5 20. Bxg5 hxg5 21. h4 Kg7 22.
hxg5 Rh8+ 23. Kg2 Ne8 24. g6 Nd6 25. Rh1 f6 26. Nf7 Nxf7 27. gxf7 Kxf7 28. Bg6+
Ke6 29. Qf5+ Kd6 30. Bf7 Kc7 31. Bxd5 Rad8 32. Qe4 Bd6 33. Rh7+ Rxh7 34. Qxh7+
Kb8 35. Rh1 Re8 36. Qd7 Rd8 37. Qf7 Rf8 38. Qd7 Rd8 39. Qg7 Bf8 40. Qf7 b4 41.
axb4 Bxb4 42. Rh7 Na5 43. Bxb7 Rf8 44. Qd5 Nxb7 45. Qxc4 Bxc3 46. bxc3 Rc8 47.
Qb4 Qxb4 48. cxb4 Nd6 49. Rh6 Ne8 50. g5 fxg5 51. Rxa6 Rc3 52. Kf2 Rc2+ 53. Kg3
Re2 54. e4 Rb2 55. Rg6 Kc7 56. Rxg5 Rxb4 57. d5 Kd6 58. Rg6+ Kd7 59. Kf4 Nc7
60. Ke5 Ne8 61. f4 Ke7 62. f5 Rb5 63. Ra6 Nc7 64. Rh6 Ne8 65. Rh7+ Kf8 66. Ra7
Rb6 67. Kd4 Rb4+ 68. Kd3 Nd6 69. e5 Nxf5 70. d6 Rd4+ 71. Kc3 Rd5 72. d7 Ke7 73.
Kb4 1/2-1/2

[Event "McGill op"]
[Site "Montreal CAN"]
[Date "2016.04.30"]
[Round "3.17"]
[White "Saha, Ananda"]
[Black "Trahan, Daniel"]
[Result "1/2-1/2"]
[WhiteElo "1845"]
[BlackElo "2012"]
[PlyCount "150"]
[EventDate "2016.04.28"]
[EventType "swiss"]
[EventRounds "5"]
[EventCountry "CAN"]

1. d4 Nf6 2. c4 e6 3. Nf3 b6 4. g3 Ba6 5. e3 c6 6. Nbd2 d5 7. cxd5 Bxf1 8. Kxf1
cxd5 9. b4 Bd6 10. b5 O-O 11. a4 a6 12. bxa6 Qc8 13. Ba3 Qxa6+ 14. Kg2 Bxa3 15.
Rxa3 b5 16. Qe2 bxa4 17. Qxa6 Rxa6 18. Rha1 Nbd7 19. Rxa4 Rxa4 20. Rxa4 h5 21.
Ra7 Nb6 22. Ne5 Nc8 23. Ra6 Ng4 24. Nxg4 hxg4 25. Nb3 Ne7 26. Nc5 Nf5 27. Nxe6
fxe6 28. Rxe6 Rd8 29. Rg6 Nh6 30. Ra6 Kf7 31. Rb6 Nf5 32. Rb7+ Kf6 33. Rb6+ Rd6
34. Rb8 Rc6 35. Rf8+ Ke6 36. Re8+ Ne7 37. Ra8 Rc2 38. Ra6+ Kd7 39. Ra7+ Kd6 40.
Ra6+ Rc6 41. Ra8 Nf5 42. Re8 Rc2 43. Kg1 Rc7 44. Rf8 Nh6 45. Rd8+ Rd7 46. Ra8
Ke7 47. Ra6 Rd6 48. Ra7+ Kf6 49. Kg2 Nf7 50. h3 gxh3+ 51. Kxh3 Ng5+ 52. Kg2 Ne4
53. Ra2 g5 54. g4 Rc6 55. Rb2 Nd6 56. Ra2 Rb6 57. Ra5 Nb5 58. Ra8 Nc3 59. Rf8+
Kg7 60. Rc8 Ne4 61. Rc2 Nf6 62. f3 Re6 63. Kf2 Kg6 64. Ra2 Ne8 65. Ra5 Nf6 66.
Ra2 Nd7 67. Ra7 Rd6 68. Ra8 Nb6 69. Ra3 Nc4 70. Rc3 Nb6 71. Ra3 Nd7 72. Ra8 Nb6
73. Ra3 Re6 74. Rc3 Kf6 75. Ra3 Nc4 1/2-1/2